Sí
Saved in:
| Hovedforfatter: | |
|---|---|
| Format: | Bog |
| Sprog: | spansk |
| Udgivet: |
Barcelona
Ariel
1977
|
| Fag: | |
| Tags: |
Tilføj Tag
Ingen Tags, Vær først til at tagge denne postø!
|
MARC
| LEADER | 00000nam a2200000 a 4500 | ||
|---|---|---|---|
| 001 | UCV9647 | ||
| 003 | CL-VaPUC | ||
| 008 | 921216e19770000SP |||||||||||||||||spa|d | ||
| 082 | 0 | 4 | |a 759.0663 |b DAL |2 21 |
| 100 | |a Dalí, Salvador |e author |9 303663 | ||
| 245 | 1 | 0 | |a Sí |
| 300 | |a 192 p | ||
| 942 | |c BK | ||
| 945 | |d 19921216 00:00:00 | ||
| 260 | |a Barcelona |b Ariel |c 1977 | ||
| 650 | 0 | |a Surrealismo |9 265502 | |
| 650 | 0 | |a Dadaismo |9 265495 | |
| 583 | |a last modification |c 19921216 00:00:00 |k Rodrigo Vera | ||
| 999 | |c 214951 |d 214949 | ||
| 952 | |0 0 |1 0 |4 0 |6 759_066300000000000_DAL_1977 |7 0 |8 A |9 198808 |a BIBARQ |b BIBARQ |d 2019-11-14 |i 2661977 |o 759.0663 DAL 1977 |p 2661977 |r 2025-01-20 |w 2019-11-14 |y BK |k ARQ | ||
| 952 | |0 0 |1 0 |4 0 |6 759_066300000000000_DAL_1977 |7 0 |8 A |9 198809 |a BIBHIS |b BIBHIS |d 2019-11-14 |i 2661985 |o 759.0663 DAL 1977 |p 2661985 |r 2025-01-20 |w 2019-11-14 |y BK |k HIS | ||